| 000 | 00867nam a2200265 i 4500 | ||
|---|---|---|---|
| 003 | DO-SdBNP | ||
| 005 | 20240827110710.0 | ||
| 007 | ta | ||
| 008 | 230719b1966 dr ||||| |||| 00| 0 spa d | ||
| 020 | _a01415-4 | ||
| 040 |
_aDO-SdBNP _bspa _cBNPHU _erda |
||
| 082 | 4 | _222 | |
| 245 | 1 | 0 |
_aDescubrimiento y dominación Española del Caribe / _cCarl Ortwin Sauer ; traducción, Stella Mastrangelo |
| 264 | 1 |
_aSanto Domingo : _bEditora Corripio, _c1966. |
|
| 300 |
_a455 páginas : _bmapas ; _c23 cm. |
||
| 336 |
_2rdacontent _atexto _btxt |
||
| 337 |
_2rdamedia _amediación _bn |
||
| 338 |
_2rdacarrier _avolumen _bnc |
||
| 500 | _aIncluye referencias bibliográficas y notas al pie de las páginas | ||
| 500 | _aIncluye índices | ||
| 590 | _aInventariado, 2023/BT | ||
| 700 | 1 |
_aMastrangelo, Stella, _etraducción _947249 |
|
| 910 | _aBtavárez | ||
| 942 |
_2ddc _cLBS1 |
||
| 999 |
_c54204 _d54204 |
||